000 00434nam a22001697a 4500
005 20230217130911.0
008 220225b ||||| |||| 00| 0 eng d
020 _a81-8416-031-3
041 _aeng
082 _a610 GOY-E
100 _aGOYAL, DR. RAMESH K.
_97523
245 _aELEMENTS OF PHARMACOLOGY
260 _aAHMEDABAD
_bB.S.SHAH PRAKASHAN
300 _a612;p
650 _aPHARMACY
_xB.PHARMA & D.PHARMA
_97524
942 _cBK
999 _c7980
_d7978